000 01066nac a22003017a 4500
001 BR2010001432
003 BR-BrBNA
005 20240105123816.0
008 230509b bl.|||m| |||| 00| 0 por d
040 _aBR-BrBNA
_bpor
_cBiblioteca Nacional de Agricultura
072 _aP01; E40; A01
090 _aP01 BR2010001432
100 1 _aMachado, C.T. de T.
100 1 _aVidal, M.C.
110 1 _aEMBRAPA Cerrados, Planaltina, DF (Brasil)
245 1 _aAvaliação participativa do manejo de agroecossistemas e capacitação em agroecologia utilizando indicadores de sustentabilidade de determinação rápida e fácil
260 3 _aPlanaltina, DF (Brasil):
_c2006.
300 _a44 p.
490 _aDocumentos - EMBRAPA Cerrados (Brazil)
_vno. 173
_xISSN 1517-5111
500 _aSummaries (En, Pt); 9 illus.; 14 ref.
650 _aCOMUNIDADE RURAL
650 _aECOSSISTEMA
650 _aECOLOGIA VEGETAL
650 _aAGRICULTURA
650 _aAGRICULTURA SUSTENTÁVEL
909 _a202312
_bLúcia Elande
_c55
_dLúcia Elande
942 _2AGRIS
_n0
_cMS
999 _c297084
_d297084